000
00229nam a2200097Ia 4500
008
170619s9999 xx 000 0 und d
100
_a
Raj- B
245
0
_a
Frontiers in Materials Science
260
_b
UNIVERSITIES PRESS
260
_c
2005
546
_a
ENGLISH
999
_c
21385
_d
21385